Most dangerous neighbourhoods in Istanbul - Statistics

General Stats
  • This quiz has been taken 9 times
  • The average score is 9 of 11
Answer Stats
Hint Answer % Correct
~2,000–2,800 crimes/year Güngören
100%
~3,500–5,000 crimes/year Bağcılar
89%
~10,000–11,000 crimes/year Beyoğlu
89%
~2,500–3,500 crimes/year Esenler
89%
~6,000–8,000 crimes/year Fatih
89%
~2000–4,000 crimes/year Gaziosmanpaşa
89%
~12,000+ crimes/year Esenyurt
78%
~3,000 crimes/year Küçükçekmece
78%
No exact data Şişli
78%
~2,500–3,500 crimes/year Sultangazi
78%
~3,000–5,000 crimes/year Zeytinburnu
78%
No matching quizzes found
Score Distribution
Percent of People with Each Score
Percentile by Number Answered
Your Score History
You have not taken this quiz